000 00648cam a22002293a 4500
001 31421
003 PGUSA
005 20140828083659.0
008 100227s2010||||xxu|||||s|||||000 1 eng d
040 _aPGUSA
_beng
042 _adc
050 4 _aPZ
100 1 _aEllis, Edward Sylvester,
_d1840-1916
245 1 0 _aThrough Apache Land
_h[electronic resource] /
_cEdward Sylvester Ellis
260 _bProject Gutenberg,
_c2010
506 _aPublic domain in the USA.
516 _aElectronic text
653 _aApache Indians -- Fiction
830 0 _aProject Gutenberg
_v31421
856 4 0 _uhttp://www.gutenberg.org/ebooks/31421
942 _cEB
999 _c260676
_d260676